000 00696nam a22002537a 4500
003 UA-OsUOA
001 71881
007 ta
008 20101213b un ||||| |||| 00| 0 ukr d
100 _aГорлач М. І.
700 _aКремень В. Г.
090 _a32(075.8)
_bГ69
942 _cBK
040 _aUA-OsUOA
_bukr
_cUA-OsUOA
_dUA-OsUOA
245 _aПолітологія: наука про політику
_bПідручник
300 _a840 с.
955 _a2
041 _aukr
080 _a32(075.8)
020 _a978-966-364-836-1
260 _aК.
_bЦентр учбової літератури
_c2009
650 7 _a32 Політика
_2UDC
999 _c358300
_d358300